La responsabilidad del revisor fiscal en la implementación de buenas prácticas financieras en empresas colombianas / (Registro nro. 48975)

Detalles MARC
000 -LEADER
fixed length control field 03235nam a2200289 i 4500
005 - DATE AND TIME OF LATEST TRANSACTION
control field 20250611205815.0
007 - PHYSICAL DESCRIPTION FIXED FIELD--GENERAL INFORMATION
fixed length control field ta
008 - FIXED-LENGTH DATA ELEMENTS--GENERAL INFORMATION
fixed length control field 200622s2025 000 0 eng d
040 ## - CATALOGING SOURCE
Original cataloging agency CO-CtgCURN
Language of cataloging spa
Transcribing agency coctgcurn
Description conventions rda
082 0# - DEWEY DECIMAL CLASSIFICATION NUMBER
Classification number COP 2025
Item number R936
100 1# - MAIN ENTRY--PERSONAL NAME
Personal name Rumie Reales, Diego Andres,
Relator term author.
Relationship aut
245 13 - TITLE STATEMENT
Title La responsabilidad del revisor fiscal en la implementación de buenas prácticas financieras en empresas colombianas /
Statement of responsibility, etc. Diego Andres Rumie Reales; Sael de Jesus Leon Julio; Yojan Orozco Paez; asesor: José Castro Hernández.
260 ## - PUBLICATION, DISTRIBUTION, ETC.
Place of publication, distribution, etc. Cartagena de Indias :
Name of publisher, distributor, etc. Corporación Universitaria Rafael Núñez,
Date of publication, distribution, etc. 2025.
300 ## - PHYSICAL DESCRIPTION
Extent 25 hojas.
336 ## - CONTENT TYPE
Content type term text
Content type code txt
Source rdacontent
337 ## - MEDIA TYPE
Media type term unmediated
Media type code n
Source rdamedia
338 ## - CARRIER TYPE
Carrier type term volume
Carrier type code nc
Source rdacarrier
502 ## - DISSERTATION NOTE
Dissertation note Trabajo de grado (Contador público). Corporación Universitaria Rafael Núñez. Facultad de Ciencias Administrativas y Contables. Programa de Contaduría Pública, 2025.
520 8# - SUMMARY, ETC.
Summary, etc. "Este trabajo de investigación analiza la responsabilidad del revisor fiscal en la implementación de buenas prácticas financieras en empresas colombianas, poniendo especial énfasis en su influencia sobre la transparencia y la calidad de la información contable. El estudio se centra en el período de los últimos diez años y se focaliza en empresas medianas y grandes de la región Caribe, considerando el contexto normativo y regulatorio vigente en el país, que incluye disposiciones de la Ley 43 de 1990, la Ley 222 de 1995, la Ley 2195 de 2022 y las Normas Internacionales de Información Financiera (NIIF).Con un enfoque cualitativo y descriptivo, la investigación se sustenta en una exhaustiva revisión documental y en el análisis de casos prácticos, permitiendo identificar los principales desafíos que enfrentan los revisores fiscales en la aplicación de normativas contables y en el fortalecimiento de los sistemas de control interno. Entre estos desafíos destacan la necesidad de una actualización y capacitación continua, así como la incorporación de tecnologías emergentes que faciliten la auditoría automatizada y el análisis en tiempo real.Los resultados esperados apuntan a la elaboración de un marco teórico sólido, el desarrollo de una guía práctica con recomendaciones estratégicas para optimizar la labor del revisor fiscal, y la generación de propuestas que contribuyan a mejorar la transparencia y la estabilidad financiera de las empresas. En conjunto, esta investigación pretende aportar al enriquecimiento del conocimiento académico y profesional en el ámbito de la contabilidad y las finanzas, impulsando mejoras significativas en la práctica contable y en la formulación de políticas públicas en Colombia"
650 #0 - SUBJECT ADDED ENTRY--TOPICAL TERM
Topical term or geographic name entry element Contaduría pública
General subdivision Tesis y disertaciones académicas.
700 1# - ADDED ENTRY--PERSONAL NAME
Personal name Leon Julio, Sael de Jesus .
700 1# - ADDED ENTRY--PERSONAL NAME
Personal name Orozco Paez, Yojan.
700 1# - ADDED ENTRY--PERSONAL NAME
Personal name Castro Hernández, José,
Relator term asesor.
856 7# - ELECTRONIC LOCATION AND ACCESS
Uniform Resource Identifier <a href="https://unicurn.sharepoint.com/:b:/s/biblioteca/EbNO8SAOUlZPqLcZ0pDRchkB87a2PVM_NzVbbmc-L2b3qw?e=P68kk8">https://unicurn.sharepoint.com/:b:/s/biblioteca/EbNO8SAOUlZPqLcZ0pDRchkB87a2PVM_NzVbbmc-L2b3qw?e=P68kk8</a>
Public note Click para ver el recurso en texto completo
942 ## - ADDED ENTRY ELEMENTS (KOHA)
Source of classification or shelving scheme Dewey Decimal Classification
Institution code [OBSOLETE] MHC
-- MHC
Koha item type Trabajos de grado
Classification part COP 2025
Item part R936
Existencias
Withdrawn status Lost status Source of classification or shelving scheme Damaged status Not for loan Collection Home library Current library Shelving location Date acquired Total checkouts Full call number Barcode Date last seen Price effective from Koha item type
    Dewey Decimal Classification     Trabajos de grado Miguel Henríquez Castañeda Miguel Henríquez Castañeda Trabajo de grado 06/11/2025   COP 2025 R936 025482 06/11/2025 06/11/2025 Trabajos de grado